Osobitosti účtovania v bankách učebnica 1
Gespeichert in:
| 1. Verfasser: | |
|---|---|
| Körperschaft: | |
| Format: | Buch |
| Sprache: | Slowakisch |
| Veröffentlicht: |
Bratislava
SÚVAHA
2000
|
| Schlagworte: | |
| Tags: |
Keine Tags, Fügen Sie das erste Tag hinzu!
|
MARC
| LEADER | 00000nam a2200000 4500 | ||
|---|---|---|---|
| 001 | c134039 | ||
| 005 | 20230718082817.7 | ||
| 020 | |a 80-88727-39-1 | ||
| 041 | 0 | |a slo | |
| 044 | |a SK | ||
| 245 | 1 | 0 | |a Osobitosti účtovania v bankách |b učebnica 1 |c Božena Petrjánošová |
| 264 | 1 | |a Bratislava |b SÚVAHA |c 2000 | |
| 300 | |a 186 s. | ||
| 610 | 2 | 0 | |a účtovníctvo bankové |
| 610 | 2 | 0 | |a účty |
| 610 | 2 | 0 | |a účty kapitálové |
| 610 | 2 | 0 | |a účty podsúvahové |
| 610 | 2 | 0 | |a banky |
| 610 | 2 | 0 | |a vedenie účtovníctva |
| 610 | 2 | 0 | |a operácie bankové |
| 610 | 2 | 0 | |a klienti |
| 610 | 2 | 0 | |a papiere cenné |
| 610 | 2 | 0 | |a majetok investičný |
| 610 | 2 | 0 | |a náklady |
| 610 | 2 | 0 | |a výnosy |
| 610 | 2 | 0 | |a uzávierka účtovná |
| 100 | 1 | |a Petrjánošová, Božena | |
| 710 | 2 | |a Slovenský zväz účtovníkov | |